000 00372nam a2200145Ia 4500
003 GCL
008 140319s9999 xx 000 0 ara d
040 _aGCL /
_cGCL
082 0 4 _aط
_b507
_bد س
100 1 _aدار الشروق
245 1 0 _aالسفرالى النجوم /
_cدار الشروق
490 _a100 قصة
_v0
650 0 4 _aالنجوم
942 _2ddc
_cBK
999 _c45165
_d45165